000 00436nam a2200133Ia 4500
008 220216s9999 xx 000 0 und d
100 _aGeorge K T
245 0 _aKeralas NR sector in the era of uncertainty
260 _bNational Conference on Kerala Economy: Challenges and Ways Forward, 28-29 March 2015, Mahatma Gandhi University, Kottayam, India.
650 _aKerala
650 _aNR sector
856 _uNo article
942 _cJS
999 _c61850
_d61850